000 00324nam a2200121Ia 4500
008 190216s9999||||xx |||||||||||||| ||und||
100 _aAboobaker Kunju & Vasudevan Nair Vm
245 0 _aBhoomisastra Quiz
260 _bPrabhatham Printing &publishing Comp
_c1989
300 _a136p
650 _aGeography
942 _cREF
999 _c36072
_d36072